[Event "Saarland-ch A 85th"]
[Site "Homburg"]
[Date "2010.03.30"]
[Round "5"]
[White "Pocivalnik, Axel"]
[Black "Schreck, Alexander"]
[Result "0-1"]
[WhiteElo "1687"]
[BlackElo "1840"]
[PlyCount "108"]
[EventDate "2010.03.28"]
[EventType "swiss"]
[EventRounds "9"]
[EventCountry "GER"]
[SourceTitle "EXT 2011"]
[Source "ChessBase"]
[SourceDate "2010.11.26"]
[SourceVersion "1"]
[SourceVersionDate "2010.11.26"]
[SourceQuality "1"]

1. c4 e5 2. Nc3 d6 3. g3 f5 4. d3 Nf6 5. Bg2 Be7 6. Nf3 0-0 7. 0-0 Qe8 8. Bg5 Nbd7 9. e3 h6 10. Bxf6 Nxf6 11. Nd2 c6 12. b4 f4 13. a4 Ng4 14. h3 fxe3 15. hxg4 exd2 16. Ne4 Qg6 17. f3 d5 18. cxd5 cxd5 19. Nxd2 Qxd3 20. Rb1 Qd4+ 21. Kh2 Bxb4 22. Nb3 Qxd1 23. Rfxd1 Be6 24. Nd4 exd4 25. Rxb4 b6 26. Rbxd4 Rac8 27. R1d2 Rc4 28. f4 Rxd4 29. Rxd4 Rd8 30. Bf3 Kf8 31. Kh3 Ke7 32. Kh4 Kf6 33. f5 Bf7 34. Kh3 Ke5 35. Rd2 d4 36. Re2+ Kd6 37. Kh4 d3 38. Rd2 Ke5 39. Kh3 Kd4 40. Bd1 Ke3 41. Rb2 Rc8 42. a5 Rc1 43. Ba4 Ra1 44. axb6 axb6 45. Bb3 Bxb3 46. Rxb3 Ke2 47. Rxb6 d2 48. Rb2 Ke1 49. Rxd2 Kxd2 50. g5 hxg5 51. Kg4 Rg1 52. Kf3 Kd3 53. Kg4 Ke4 54. Kxg5 Rxg3+ 0-1

[Event "Saarland-ch A 85th"]
[Site "Homburg"]
[Date "2010.03.28"]
[Round "3"]
[White "Fischer, Patrick"]
[Black "Schreck, Alexander"]
[Result "0-1"]
[WhiteElo "1606"]
[BlackElo "1840"]
[PlyCount "48"]
[EventDate "2010.03.28"]
[EventType "swiss"]
[EventRounds "9"]
[EventCountry "GER"]
[SourceTitle "EXT 2011"]
[Source "ChessBase"]
[SourceDate "2010.11.26"]
[SourceVersion "1"]
[SourceVersionDate "2010.11.26"]
[SourceQuality "1"]

1. e4 d6 2. d4 Nf6 3. Nc3 g6 4. Nf3 Bg7 5. Be3 0-0 6. Qd2 c6 7. Bh6 Nbd7 8. 0-0-0 b5 9. Bxg7 Kxg7 10. e5 Nd5 11. Nxd5 cxd5 12. h4 h5 13. Qf4 Qa5 14. exd6 Qxa2 15. dxe7 Re8 16. Bd3 Nf6 17. Ne5 Rxe7 18. Qg5 Qa1+ 19. Kd2 Qxb2 20. Bxg6 Qxd4+ 21. Bd3+ Kf8 22. Qh6+ Kg8 23. Qg5+ Kf8 24. f4 Ne4+ 0-1

[Event "Saarland-ch C"]
[Site "Schiffweiler"]
[Date "2009.04.10"]
[Round "8"]
[White "Fernschild, Patrick"]
[Black "Schreck, Alexander"]
[Result "0-1"]
[WhiteElo "1465"]
[BlackElo "1477"]
[PlyCount "32"]
[EventDate "2009.04.03"]
[EventType "swiss"]
[EventRounds "9"]
[EventCountry "GER"]
[SourceTitle "EXT 2012"]
[Source "ChessBase"]
[SourceDate "2011.11.24"]
[SourceVersion "1"]
[SourceVersionDate "2011.11.24"]
[SourceQuality "1"]

1. c4 e5 2. Nc3 d6 3. g3 f5 4. Bg2 Nf6 5. d3 Be7 6. Nf3 0-0 7. 0-0 Qe8 8. Bd2 f4 9. d4 fxg3 10. fxg3 Qh5 11. Qb3 Nc6 12. dxe5 dxe5 13. Nd5 Bc5+ 14. Be3 Bxe3+ 15. Nxe3 e4 16. Nd2 Nd4 0-1

[Event "Saarland-ch C"]
[Site "Schiffweiler"]
[Date "2009.04.09"]
[Round "7"]
[White "Schreck, Alexander"]
[Black "Kuehn, Patrick2"]
[Result "0-1"]
[WhiteElo "1477"]
[BlackElo "1413"]
[PlyCount "88"]
[EventDate "2009.04.03"]
[EventType "swiss"]
[EventRounds "9"]
[EventCountry "GER"]
[SourceTitle "EXT 2012"]
[Source "ChessBase"]
[SourceDate "2011.11.24"]
[SourceVersion "1"]
[SourceVersionDate "2011.11.24"]
[SourceQuality "1"]

1. d4 Nf6 2. c4 g6 3. Nc3 Bg7 4. e4 d6 5. Nf3 0-0 6. h3 e5 7. d5 Na6 8. Bd3 Ne8 9. g4 Kh8 10. Be3 c6 11. dxc6 bxc6 12. Qd2 Nac7 13. Bh6 Ne6 14. Bxg7+ Kxg7 15. Bc2 Rb8 16. b3 Qa5 17. 0-0 Nf4 18. Kh2 Rh8 19. Ng1 g5 20. f3 h5 21. Bd1 f6 22. Rc1 hxg4 23. fxg4 Rb7 24. Kg3 Kf8 25. Rf2 Rbh7 26. Rh2 Kf7 27. Bf3 Bb7 28. Qd1 Ke7 29. Nce2 Nc7 30. Nxf4 gxf4+ 31. Kg2 Qxa2+ 32. Kh1 Qa6 33. Ra1 Qb6 34. Rd2 Ne8 35. b4 c5 36. b5 Nc7 37. Rda2 Ra8 38. Kg2 Ne6 39. Ne2 Ng5 40. Ng1 Nxe4 41. Qd3 Ng5 42. Rd1 Bxf3+ 43. Nxf3 Rxh3 44. Qd5 Rg3+ 0-1

[Event "Saarland-ch C"]
[Site "Schiffweiler"]
[Date "2009.04.08"]
[Round "6"]
[White "Huebschen, Mike"]
[Black "Schreck, Alexander"]
[Result "1-0"]
[WhiteElo "1488"]
[BlackElo "1477"]
[PlyCount "77"]
[EventDate "2009.04.03"]
[EventType "swiss"]
[EventRounds "9"]
[EventCountry "GER"]
[SourceTitle "EXT 2012"]
[Source "ChessBase"]
[SourceDate "2011.11.24"]
[SourceVersion "1"]
[SourceVersionDate "2011.11.24"]
[SourceQuality "1"]

1. g3 d6 2. Nf3 e5 3. d3 f5 4. Bg2 Nf6 5. 0-0 Be7 6. Nbd2 0-0 7. Ng5 Ng4 8. Bd5+ Kh8 9. Nf7+ Rxf7 10. Bxf7 Qf8 11. Bh5 Nf6 12. Bf3 Qf7 13. e4 f4 14. gxf4 Bh3 15. Bg2 Qg6 16. Qf3 Bg4 17. Qe3 exf4 18. Qxf4 Nh5 19. Qe3 Bg5 20. f4 Bf6 21. f5 Bg5 22. fxg6 Bxe3+ 23. Kh1 hxg6 24. Rf8+ Kh7 25. e5 c6 26. exd6 Nf6 27. Ne4 Bxc1 28. Nxf6+ gxf6 29. Rxc1 Kg7 30. Re8 Bd7 31. Re7+ Kf8 32. Rce1 a5 33. c4 b6 34. d4 Ra7 35. R1e4 g5 36. h4 f5 37. R4e5 gxh4 38. Rxf5+ Bxf5 39. Rxa7 1-0